000 01047nam a22002297a 4500
003 OSt
005 20260122192509.0
008 230608b ||||| |||| 00| 0 eng d
040 _cSSBUL
041 _ashan
082 _223
_a294.30959116
100 0 _aထမ်ႇမသႃႇမိ၊
_cၸဝ်ႈၶူး Dr. ၼေႃႇၶမ်းလႃႉ။
_925555
245 1 0 _aပိုၼ်းပုတ်ႉထသႃႇသၼႃႇလႄႈ တႆး - An analytical Study of Tai Buddhism /
_cၸဝ်ႈၶူးတွၵ်ႉတိူဝ်ႇ ၼေႃႇၶမ်းလႃႉ ထမ်ႇမသႃမိ။
260 _aတေႁိဝလ၊
_bပုတ်ႉထိတ်ႉၶၢတ်ႉၶျိူဝ်ႇၸဵၼ်ႇထႃႇ၊
_c2008 ။
300 _axii, 108 ၼႃႈ၊
_c18 ၸိၼ်ႇတီႇ။
500 _aS-SAT: Dr. Prof Sai Aung Tun
504 _aပႃးၽိုၼ်ဢိင်
650 _aပုတ်ႉထၽႃႇသႃႇ - တႆး
_924385
942 _cBK
942 _2ddc
942 _2ddc
999 _c25507
_d25507